000 00790nam a22002772a 4500
001 33581
003 BD-RjUL
005 20211209052030.0
008 140510r19631962enk 001 0 eng d
035 _aBD-RjUL)33672
040 _aDLC
_cUVC
_dUKM
_dEQO
_dBD-RjUL
_beng
041 _aeng
082 0 4 _a301.185
_218
_bBEC 1963
100 1 _aBentley, Phyllis Eleanor,
_d1894-1977.
_9101904
245 1 0 _aCommittees /
_c Phyllis Eleanor Bentley
260 _aLondon :
_bCollins,
_c1962 [Reprinted 1963]
300 _a160 p. ;
_c16 cm
504 _aIncludes Index
650 0 _aCommittees
_9101905
650 0 _aParliamentary practice.
_946912
830 0 _v[12]
_9104340
830 0 _aCollins nutshell books ;
_9104341
942 _2ddc
_cBK
999 _c33581
_d33581